00886nam a2200253Ia 4500001000900000003000500009005001700014008004100031010001100072040000900083082001600092100002800108245009600136260003400232300001000266500001400276650003700290901001600327902000600343905006300349942001500412999001900427952018600446dia_2697CHAP20230515133758.0220117s1992 xx 000 0 und d a173216 cCHAP a664.0028 C4 aCheng, Ling-min9153369 aFood Machinery, for the Production of Cereal Foods and Confectionery /c by Ling-min Cheng aNew york, Ellis Horwoodc1992 a290P. aI. 168377 aAlimentosxprocesamiento9153370 a664.0028 C4 aM a0000001992 NEWA 0000000000ING00 cLIBRO2ddc c173216d173216 00102ddc4051708GRALaIA_bIA_d1993-10-06eCompra Librería patena F. 239, 7285, 10200 / (06/10/93)f1g338.00i168377l0o664.0028 C4pdia_3979r2022-01-18 00:00:00t1yLIBRO